| 000 | 00821nam a22002537a 4500 | ||
|---|---|---|---|
| 003 | dpl | ||
| 005 | 20180827122150.0 | ||
| 008 | 180827b xxu||||| |||| 00| 0 eng d | ||
| 010 | _aB-041495 | ||
| 020 |
_c695.00.00 _a812031753 |
||
| 035 | _aB-041495, B-041499 | ||
| 037 | _bCen Lib/Ret | ||
| 040 |
_aDPL _bEN _c0 |
||
| 082 |
_a004.67 _bWEB |
||
| 110 |
_aMicrosoft Corporation _997746 |
||
| 245 | _aWeb applications with microsoft visual interdev 6.0 MCSD training kit for exam 70-152 / | ||
| 260 |
_aNew Delhi _bPrentice Hall of India _c2000 |
||
| 270 |
_bNew Delhi _aM-97, Connaught circus _e110001 |
||
| 300 |
_axxvii, 519p. _c23cm(Hb) |
||
| 500 | _aIncludes index | ||
| 650 |
_aWeb technologies _999445 |
||
| 650 |
_aWeb development process _999446 |
||
| 942 |
_2ddc _cEN _h004.67 _mWEB |
||
| 999 |
_c135933 _d135933 |
||